Una sentencia muy particular sobre tasas aeronáuticas que acrecienta la inseguridad jurídica (Registro nro. 15551)

Detalles MARC
000 -LEADER
fixed length control field 00372 a2200109 4500
001 - CONTROL NUMBER
control field ART_26511
005 - DATE AND TIME OF LATEST TRANSACTION
control field 20260410161705.0
008 - FIXED-LENGTH DATA ELEMENTS--GENERAL INFORMATION
fixed length control field 260409a
100 1# - MAIN ENTRY--PERSONAL NAME
Personal name Spisso, Rodolfo Roque
245 10 - TITLE STATEMENT
Title Una sentencia muy particular sobre tasas aeronáuticas que acrecienta la inseguridad jurídica
773 0# - HOST ITEM ENTRY
Title Revista Impuestos
Related parts - Nº 24 (dic. 2008)
Record control number REV639

No hay ítems disponibles.